Score 0/15 Timer 02:00
1 Play Today
Clue 4-Letter Word % Correct
Santa lives at the North onePOLE
93.8%
A Spanish greetingHOLA
91.4%
Hawaiian danceHULA
90.9%
Captain of the starship EnterpriseKIRK
87.9%
Courtney Love's bandHOLE
84.2%
Website for viewing TV showsHULU
80.6%
A twist in a cord or a muscle crampKINK
70.8%
Hero of the Zelda gaming seriesLINK
63.8%
Clue 4-Letter Word % Correct
Helmsman for the starship EnterpriseSULU
60.1%
Be moody and silentSULK
56.5%
Had made a putt or a basketSUNK
50.7%
Corn breadPONE
47.6%
Actor Chris who portrayed the last rung in 'Star Trek'PINE
43.6%
A stupid person or oafLUNK
42.7%
Captain of the starship EnterprisePIKE
29.1%

Today's Daily Dose

You're not logged in!

Compare scores with friends on all Sporcle quizzes.
OR
Log In

Sporcle TV

Today on Sporcle TV


Watch our educational content, quiz creation guides, and fun videos on Sporcle TV.

Show Comments

Extras

Top Quizzes Today


Score Distribution

Paid Content

Your Account Isn't Verified!

In order to create a playlist on Sporcle, you need to verify the email address you used during registration. Go to your Sporcle Settings to finish the process.

Report this User

Report this user for behavior that violates our Community Guidelines.

Details: